00511nam a2200109Ia 4500008004100000245010600041260000900147300012200156650003200278999001900310952007200329180130s9999 xx 000 0 und d cHopp, DoreetaCreativity and play in the shadow of war: a discussion of The Notebook by Agota Kristof c2014 aBook title: Play : psychoanalytic perspectives, survival and human development--Acession number C18636; pages 103-114 aPLAY--PSYCHOLOGICAL ASPECTS c354509d354509 001040aCLbCLd2018-01-30l0r2018-01-30 00:00:00w2018-01-30yBC